LEADER 01513nam0 22003011i 450 001 SUN0057356 005 20100416120000.0 010 $a88-348-6369-0 100 $a20070124d2006 |0itac50 ba 101 $aita 102 $aIT 105 $a|||| ||||| 200 1 $aBioetica e biotecnologie nel diritto internazionale e comunitario$equestioni generali e tutela della proprietà intellettuale$fa cura di Nerina Boschiero 210 $aTorino$cGiappichelli$d2006 215 $aXVI, 344 p.$d24 cm. 606 $aBiotecnologia$xDiritto internazionale$2FI$3SUNC018291 620 $dTorino$3SUNL000001 676 $a341.76757$cDiritto internazionale. Cooperazione nella ricerca biologica e agraria$v22 702 1$aBoschiero$b, Nerina$3SUNV002511 712 $aGiappichelli$3SUNV000045$4650 801 $aIT$bSOL$c20181109$gRICA 912 $aSUN0057356 950 $aUFFICIO DI BIBLIOTECA DEL DIPARTIMENTO DI GIURISPRUDENZA$d00 CONS I.Eo.26 $e00 32668 950 $aUFFICIO DI BIBLIOTECA DEL DIPARTIMENTO DI GIURISPRUDENZA$d00 CONS I.Eo.26 bis $e00 BFG1196 995 $aUFFICIO DI BIBLIOTECA DEL DIPARTIMENTO DI GIURISPRUDENZA$h32668$kCONS I.Eo.26$op$qa 995 $aUFFICIO DI BIBLIOTECA DEL DIPARTIMENTO DI GIURISPRUDENZA$gBFG$h1196$kCONS I.Eo.26 bis$op$qa 996 $aBioetica e biotecnologie nel diritto internazionale e comunitario$9725849 997 $aUNICAMPANIA LEADER 01144nam a2200301 i 4500 001 991001969199707536 005 20250325131132.0 008 001115s1976 it |01 0 ita 035 $ab10939854-39ule_inst 035 $aPARLA152136$9ExL 040 $aDip.to Scienze Storiche Fil. e Geogr.$bita$dSocioculturale Scs 041 0 $aita 082 04$a945.92$223 100 1 $aAmendola, Giorgio$0120239 245 14$aGli anni della Repubblica /$cGiorgio Amendola 260 $aRoma :$bEditori riuniti,$c1976 300 $aXXXV, 356 p. ;$c22 cm. 490 1 $aBiblioteca di storia ;$v62 500 $aScritti già pubblicati. 651 4$aItalia$xPolitica$y1944-1976$vSaggi 830 0$aBiblioteca di storia ;$v62 907 $a.b10939854$b23-02-17$c28-06-02 912 $a991001969199707536 945 $aLE009 STOR.69-46$g1$i2009000043923$lle009$o-$pE0.00$q-$rn$so$t0$u0$v0$w0$x0$y.i11046405$z28-06-02 945 $aLE009 STOR.69-46bis$g1$i2009000043930$lle009$o-$pE0.00$q-$rn$so$t0$u0$v0$w0$x0$y.i11046417$z28-06-02 996 $aAnni della Repubblica$989077 997 $aUNISALENTO 998 $ale009$b01-01-00$cm$da$e-$fita$git$h4$i2